000 00616nam a2200193Ia 4500
003 OSt
005 20220925205810.0
006 a|||||r|||| 00| 0
007 ta
008 220923b |||||||| |||| 00| 0 eng d
037 _cGeneral Book
040 _aRTL
_cRTL
_beng
041 _2eng
_aeng
082 _aX9(F551).225.N51<--N47s, N47
245 0 _aSINGARENI COLLIEIRIES CO., Ltd. Hyderabad-Deccan
_b Annual report Hyderabad, The singareni collieries co. Ltd., 1947-1951
260 _aHyderabad
_c1947
942 _hX9(F551).225.N51<--N47s, N47
_cGB
_2CC
999 _c553237
_d553237